000 00560 a2200205 4500
001 132810
020 _a85-08-04047-4
040 _cLeonardo Da Vinci
041 _aPortuguês
082 _a833 E46t
_bE46t
100 _aENDE, Michael
245 _aO Teatro de sombras de Ofélia
250 _a2.ed
260 _bÁtica
_c1993
_aSão Paulo
362 _a19930000
490 _aClara luz
500 _aFriedrich Hechelmann (Ilustração)
_aLuciano Vieira Machado (Tradução)
697 _aLiteratura infantil
_aSuspense
_aTerror
_aAlemanha
942 _cBK
999 _c132810
_d132810